000 00614cam a2200181 i 4500
005 20251216102933.0
008 250721s1980 ua gr 000 0 ara d
082 1 4 _a216,9341
_bع ب د
100 1 _aالمصري، عبد السميع
_eمؤلف.
245 1 2 _aالتأمين الإسلامي بين النظرية والتطبيق /
_cعبد السميع المصري.
250 _aالطبعة الأولى.
264 3 1 _aالقاهرة :
_bمكتبة وهبه،
_c1980.
300 _a94 صفحة.
650 1 7 _aالإسلام.
650 1 7 _aالتأمين.
942 _2ddc
_cBK
999 _c3362
_d3362